El amor en la Roma antigua

Enregistré dans:
Détails bibliographiques
Auteur principal: Grimal, Pierre (Auteur)
Format: Livre
Langue:espagnol
Publié: Barcelona Paidós 2000
Collection:Paidós Orígenes, 11
Sujets:
Tags: Ajouter un tag
Pas de tags, Soyez le premier à ajouter un tag!

MARC

LEADER 00000nam a2200000 a 4500
001 UCN7547
003 CL-VaPUC
008 011018e20000000SP |||||||||||||||||spa|d
082 0 4 |a 398.354  |b GRI  |2 21 
100 |a Grimal, Pierre  |e author  |9 597164 
245 1 3 |a El amor en la Roma antigua 
300 |a 350 p 
942 |c BK 
945 |d 20011018 00:00:00  |a crobeson 
260 |a Barcelona  |b Paidós  |c 2000 
650 0 |a Amor   |x Folclore   |9 463459 
650 0 |a Amor   |v Historia y crítica   |9 463460 
650 0 |a Amor   |z Roma antigua   |9 463461 
583 |a last modification  |c 20011018 00:00:00  |k Rodrigo Vera 
490 0 |a Paidós Orígenes, 11 
999 |c 297792  |d 297790 
952 |0 0  |1 0  |4 0  |6 398_354000000000000_GRI_2000  |7 0  |8 A  |9 352787  |a BIBHIS  |b BIBHIS  |d 2019-11-21  |i 3744469  |o 398.354 GRI 2000  |p 3744469  |r 2025-01-20  |w 2019-11-21  |y BK  |k HIS